000 00309nam a2200109Ia 4500
008 160531s9999 xx 000 0 und d
100 _aKorthuis, Ronald J.
245 _aSkeletal Muscle Circulation
245 _cby Ronald J. Korthuis
260 _c2011
856 _uhttp://www.ncbi.nlm.nih.gov/books/NBK57141/
999 _c295532
_d295532